Szczegóły MARC21

Contemporary strategy analysis : text and cases /

003 -Nazwa inst., której nr kontr. jest w polu 001 [,]
    • @
    • Nazwa instytucji, której n kontrolny jest w polu 001
    • NUKAT
005 -DATA I CZAS OSTATNIEJ MODYFIKACJI [,]
    • @
    • pole kontrolne
    • 20241231085829.0
020 -Międzynarod. znormalizowany nr książki - ISBN [ , ]
    • a
    • Numer ISBN
    • 9781119941897 Find
    • q
    • Dopowiedzenie
    • pbk
020 -Międzynarod. znormalizowany nr książki - ISBN [ , ]
    • a
    • Numer ISBN
    • 9781118600221 Find
    • q
    • Dopowiedzenie
    • iebk
020 -Międzynarod. znormalizowany nr książki - ISBN [ , ]
    • a
    • Numer ISBN
    • 9781118591062 Find
    • q
    • Dopowiedzenie
    • ebk
020 -Międzynarod. znormalizowany nr książki - ISBN [ , ]
    • a
    • Numer ISBN
    • 9781118591055 Find
    • q
    • Dopowiedzenie
    • ebk
020 -Międzynarod. znormalizowany nr książki - ISBN [ , ]
    • a
    • Numer ISBN
    • 9781118560426 Find
    • q
    • Dopowiedzenie
    • ebk
040 -Instytucja sporządzająca opis [ , ]
    • a
    • Instytucja, która sporządziła opis (NP)
    • Ł U/ew
    • c
    • Instytucja, która sporządziła rekord (NP)
    • Ł U/ew
    • d
    • Instytucja, która zmodyfikowała rekord (P)
    • Ł U/ew
    • d
    • Instytucja, która zmodyfikowała rekord (P)
    • Ł U/ogs
942 -Rodzaj dokumentu [ , ]
    • c
    • Rodzaj dokumentu
    • Książka
100 -Hasło główne - nazwa osobowa [1, ]
    • a
    • Nazwa osobowa (NP)
    • Grant, Robert M.
    • d
    • Daty biograficzne (NP)
    • (1948- ).
    • 9
    • KHW
    • 54243
240 -Tytuł ujednolicony [1,0]
    • a
    • Tytuł ujednolicony
    • Contemporary strategy analysis
    • l
    • Język tekstu
    • (ang.)
    • 9
    • KHW
    • 69711
245 -Strefa tytułu i oznaczenia odpowiedzialności [1,0]
    • a
    • Tytuł
    • Contemporary strategy analysis : Find
    • b
    • Ciąg dalszy tytułu (NP)
    • text and cases / Find
    • c
    • Pozostałe elementy strefy tytułu i oznaczenia odpowiedzialności (NP)
    • Robert M. Grant.
250 -Strefa wydania [ , ]
    • a
    • Oznaczenie wydania (NP)
    • 8th ed.
260 -Strefa adresu wydawniczego [ , ]
    • a
    • Miejsce wydania (P)
    • Chichester :
    • b
    • Nazwa wydawcy (P)
    • John Wiley & Sons,
    • c
    • Data wydania (P)
    • 2013.
300 -Strefa opisu fizycznego [ , ]
    • a
    • Określenie formy książki i/lub objętość (NP)
    • XVIII, 822 s. :
    • b
    • Oznaczenie ilustracji (NP)
    • il. ;
    • c
    • Format (NP)
    • 25 cm.
336 -Typ zawartości [ , ]
    • a
    • Termin opisujący typ zawartości
    • Tekst
    • b
    • Kod określający zawartość
    • txt
    • 2
    • Źródło (terminu i kodu)
    • rdacontent
337 -Typ mediów [ , ]
    • a
    • Tryb odtwarzania
    • Bez urządzenia pośredniczącego
    • b
    • Kod typu mediów
    • n
    • 2
    • Źródło (terminu i kodu)
    • rdamedia
338 -Typ/rodzaj nośnika [ , ]
    • a
    • Hasło opisujące typ nośnika
    • Wolumin
    • b
    • Kod typu nośnika
    • nc
    • 2
    • Źródło (terminu i kodu)
    • rdacarrier
500 -Uwaga ogólna [ , ]
    • a
    • Uwaga ogólna (NP)
    • Na okł.: Text and cases edition.
504 -Uwaga dot. bibliogr. załącznikowej [ , ]
    • a
    • Uwaga dot. bibliografii załącznikowej
    • Bibliogr. przy rozdz. Indeks.
080 -Uniwersalna Klasyfikacja Dziesiętna [ , ]
    • 2
    • Identyfikator wydania tablic
    • UDC-P058
    • 9
    • UKD
    • 2166
    • a
    • Symbol klasyfikacji
    • 005.2
    • b
    • Dopowiedzenie
    • Zarządzanie. Strategie, cele, metody, funkcje.
    • 4
    • UKD2
    • 7644
    • x
    • Poddział wspólny
    • =111
    • c
    • Dopowiedzenie poddz. wspólnego
    • =Język angielski.
080 -Uniwersalna Klasyfikacja Dziesiętna [ , ]
    • 2
    • Identyfikator wydania tablic
    • UDC-P058
    • 9
    • UKD
    • 5602
    • a
    • Symbol klasyfikacji
    • 658.1/.5:005.2
    • b
    • Dopowiedzenie
    • Zarządzanie strategiczne przedsiębiorstwa.
    • 4
    • UKD2
    • 7644
    • x
    • Poddział wspólny
    • =111
    • c
    • Dopowiedzenie poddz. wspólnego
    • =Język angielski.
650 -Hasło przedmiotowe [ ,7]
    • a
    • Hasło przedmiotowe
    • Biznesplan.
    • 2
    • Źródło terminu
    • kaba
    • 9
    • KHW
    • 103383
650 -Hasło przedmiotowe [ ,7]
    • a
    • Hasło przedmiotowe
    • Biznesplan
    • v
    • Określnik formalny
    • studium przypadku.
    • 2
    • Źródło terminu
    • kaba
    • 9
    • KHW
    • 383909
650 -Hasło przedmiotowe [ ,7]
    • a
    • Hasło przedmiotowe
    • Planowanie strategiczne
    • v
    • Określnik formalny
    • studium przypadku.
    • 2
    • Źródło terminu
    • kaba
    • 9
    • KHW
    • 364886
980 -Symbol UKD [ , ]
    • a
    • UKD
    • 005.2:658.1/.5:005.2]=111
710 -Hasło dodatkowe - nazwa ciała zbiorowego [2, ]
    • a
    • Nazwa ciała zbiorowego lub nazwa geograficzna jako pierwszy element (NP)
    • John Wiley & Sons.
    • 4
    • Kod relacji
    • pbl
    • 9
    • KHW
    • 50868
920 -ISBN [ , ]
    • a
    • ISBN
    • 978-1-119-94189-7 Find
    • q
    • Dopowiedzenie
    • pbk
920 -ISBN [ , ]
    • a
    • ISBN
    • 978-1-118-60022-1 Find
    • q
    • Dopowiedzenie
    • iebk
920 -ISBN [ , ]
    • a
    • ISBN
    • 978-1-118-59106-2 Find
    • q
    • Dopowiedzenie
    • ebk
920 -ISBN [ , ]
    • a
    • ISBN
    • 978-1-118-59105-5 Find
    • q
    • Dopowiedzenie
    • ebk
920 -ISBN [ , ]
    • a
    • ISBN
    • 978-1-118-56042-6 Find
    • q
    • Dopowiedzenie
    • ebk
Status udost. Numer inwentarzowy Lokalizacja Data inwentaryzacji
-2T.15286T2014-03-10